| 000 | 01380nam a2200325 4500 | ||
|---|---|---|---|
| 001 | 0000022831 | ||
| 003 | CO-CtgCURN | ||
| 005 | 20250410175424.0 | ||
| 007 | ta | ||
| 008 | 160627s2006 000 0 eng d | ||
| 020 | _a9875910236 | ||
| 040 |
_aCO-CtgCURN _bspa _ccoctgcurn |
||
| 082 | 0 |
_a155.6 _bC812pa |
|
| 100 | 1 | _aCornachione Larrinaga, María A. | |
| 245 | 1 | 0 |
_aPsicología del desarrollo : _badultez aspectos biológicos, psicológicos y sociales / _cMaría A. Cornachione Larrinaga. |
| 260 |
_aCordoba : _bEditorial Brujas, _c2006. |
||
| 300 | _a294 p. | ||
| 336 | _2rdacontent | ||
| 337 |
_2rdamedia _asin mediacion _bn |
||
| 338 |
_2rdacarrier _avolumen _bnc |
||
| 490 | 1 | _aPsicología del desarrollo | |
| 500 | _aIncluye indice. | ||
| 504 | _aBibliografia(p.275 -287) | ||
| 505 | 8 | _aLa adultez: ·Que es?.--·Que se plantea la Psicología del Desarrollo de las persona Adulta?.--Desarrollo adulto: aportes de distintas teorias.--Desarrollo Psicosocial.--Desarrollo adulto y personalidad.--Desarrollo cognitivo en la adultez.--Trabajo, productividad y relaciones interpersonales.--Cambios biologicos | |
| 650 | 1 | 4 | _aPsicología individual. |
| 908 | _a160627 | ||
| 942 |
_cBK _h155.6 _iC812pa _2ddc _n0 |
||
| 999 |
_c11268 _d11268 |
||